[Event "Samfunnsalen Blabyen Grand Prix"]
[Site "Samfunnsalen"]
[Date "2012.09.07"]
[Round "3"]
[White "Royset, Pal"]
[Black "Pedersen, Audun"]
[Result "1-0"]
[WhiteElo "2205"]
[BlackElo "1980"]
[PlyCount "39"]
[EventDate "2012.09.07"]
[EventType "swiss"]
[EventRounds "5"]
[EventCountry "NOR"]
[SourceTitle "EXT 2024"]
[Source "ChessBase"]
[SourceDate "2023.10.10"]
[SourceVersion "1"]
[SourceVersionDate "2023.10.10"]
[SourceQuality "1"]

1. e4 e6 2. d4 d5 3. exd5 exd5 4. c4 Bb4+ 5. Nc3 Ne7 6. Bd3 dxc4 7. Bxc4 0-0 8. Nge2 Nbc6 9. 0-0 Bf5 10. a3 Bxc3 11. bxc3 a6 12. a4 Qd7 13. Ba3 Na5 14. Ba2 b5 15. Ng3 Rfe8 16. Qf3 Nac6 17. axb5 axb5 18. Bxe7 Rxa2 19. Rxa2 Bg4 20. Qe4 1-0

[Event "Tromsoe Spring"]
[Site "Tromsoe"]
[Date "2012.03.29"]
[Round "1"]
[White "Pedersen, Audun"]
[Black "Skagseth, Havard M"]
[Result "1/2-1/2"]
[WhiteElo "1988"]
[BlackElo "1777"]
[PlyCount "51"]
[EventDate "2012.03.29"]
[EventType "swiss"]
[EventRounds "5"]
[EventCountry "NOR"]
[SourceTitle "EXT 2024"]
[Source "ChessBase"]
[SourceDate "2023.10.10"]
[SourceVersion "1"]
[SourceVersionDate "2023.10.10"]
[SourceQuality "1"]

1. d4 Nf6 2. c4 c5 3. Nf3 cxd4 4. Nxd4 e5 5. Nc2 d5 6. cxd5 Qxd5 7. Qxd5 Nxd5 8. e4 Nb4 9. Nba3 N8c6 10. Be3 Be6 11. b3 Be7 12. Be2 0-0 13. 0-0 Rfe8 14. Nxb4 Nxb4 15. Bc4 Bxc4 16. Nxc4 Nc2 17. Rad1 Nxe3 18. Nxe3 f6 19. Nd5 Kf7 20. Rc1 Rac8 21. Rfd1 Bc5 22. Kf1 Bd4 23. Ke2 Bb2 24. Rxc8 Rxc8 25. Kd3 Ke6 26. f3 1/2-1/2

[Event "Tromsoe Bymesterskap"]
[Site "Tromsoe"]
[Date "2012.01.19"]
[Round "1"]
[White "Pedersen, Audun"]
[Black "Joensen, John"]
[Result "1-0"]
[WhiteElo "1988"]
[BlackElo "2010"]
[PlyCount "73"]
[EventDate "2012.01.19"]
[EventType "swiss"]
[EventRounds "7"]
[EventCountry "NOR"]
[SourceTitle "EXT 2024"]
[Source "ChessBase"]
[SourceDate "2023.10.10"]
[SourceVersion "1"]
[SourceVersionDate "2023.10.10"]
[SourceQuality "1"]

1. e4 e5 2. Nf3 Nc6 3. Bb5 a6 4. Ba4 Nf6 5. 0-0 Be7 6. Re1 b5 7. Bb3 d6 8. c3 0-0 9. h3 Na5 10. Bc2 c5 11. d4 Qc7 12. Nbd2 Re8 13. Nf1 cxd4 14. cxd4 Bb7 15. g4 Rac8 16. Bd3 Bf8 17. d5 Nd7 18. Ng3 Nc5 19. Bf1 Na4 20. b3 Nc3 21. Qd3 b4 22. Bd2 Qb6 23. Rec1 Qc5 24. Ne1 Qd4 25. Nc2 Qxd3 26. Bxd3 Nxa2 27. Rcb1 Nc3 28. Rb2 Nxb3 29. Rxb3 Nxd5 30. exd5 e4 31. Nxe4 Bxd5 32. Rxb4 Ba8 33. Rd4 d5 34. Ng3 Bc5 35. Rda4 Bb7 36. Nb4 Bd4 37. Rd1 1-0

[Event "Tromsoe CC-ch"]
[Site "Tromsoe"]
[Date "2010.09.09"]
[Round "1"]
[White "Jessen, Simon Pind"]
[Black "Pedersen, Audun"]
[Result "1/2-1/2"]
[WhiteElo "1920"]
[BlackElo "1768"]
[PlyCount "56"]
[EventDate "2010.09.09"]
[EventType "swiss"]
[EventRounds "9"]
[EventCountry "NOR"]
[SourceTitle "EXT 2024"]
[Source "ChessBase"]
[SourceDate "2023.10.10"]
[SourceVersion "1"]
[SourceVersionDate "2023.10.10"]
[SourceQuality "1"]

1. d4 d5 2. c4 Nc6 3. Nf3 Bg4 4. cxd5 Bxf3 5. exf3 Qxd5 6. Be3 e5 7. Nc3 Bb4 8. dxe5 Qxe5 9. Rc1 Nge7 10. f4 Qe6 11. a3 Rd8 12. Qf3 Bxc3+ 13. Rxc3 Qa2 14. Bc1 Qd5 15. Be2 Nd4 16. Qxd5 Nxd5 17. Rc4 Nxe2 18. Re4+ Kd7 19. Kxe2 Rhe8 20. f3 f5 21. Re5 Kd6 22. Rxe8 Rxe8+ 23. Kd3 c5 24. Rd1 b5 25. b3 Kc6 26. Bd2 Re6 27. Rf1 g6 28. Rc1 a6 1/2-1/2

[Event "Nord Norsk-ch"]
[Site "Tromsoe"]
[Date "2008.05.09"]
[Round "3"]
[White "Flermoen, Peter"]
[Black "Pedersen, Audun"]
[Result "1/2-1/2"]
[WhiteElo "1747"]
[BlackElo "1755"]
[PlyCount "155"]
[EventDate "2008.05.09"]
[EventType "swiss"]
[EventRounds "6"]
[EventCountry "NOR"]
[SourceTitle "EXT 2010"]
[Source "ChessBase"]
[SourceDate "2010.11.25"]
[SourceVersion "1"]
[SourceVersionDate "2010.11.25"]
[SourceQuality "1"]

1. e4 e6 2. Nf3 d5 3. exd5 exd5 4. d4 Bd6 5. Bd3 Bg4 6. 0-0 Ne7 7. Nbd2 Nd7 8. c3 c6 9. Re1 Qc7 10. Qc2 f6 11. b4 0-0-0 12. h3 Bh5 13. a4 g5 14. Ba3 g4 15. hxg4 Bxg4 16. Nh4 Rhg8 17. b5 c5 18. dxc5 Nxc5 19. Nf5 Nxf5 20. Bxf5+ Kb8 21. Nf1 Bf3 22. Bh3 Qg7 23. g3 h5 24. Nd2 Bg4 25. Bxg4 Qxg4 26. Qd1 Qh3 27. Re3 Bxg3 28. fxg3 Rxg3+ 29. Rxg3 Qxg3+ 30. Kf1 Qh3+ 31. Kf2 Nd3+ 32. Ke2 Nf4+ 33. Kf2 Nd3+ 34. Ke2 Re8+ 35. Ne4 Rxe4+ 36. Kd2 Nf2 37. Qf1 Qe3+ 38. Kc2 Qe2+ 39. Qxe2 Rxe2+ 40. Kb3 Kc7 41. Rg1 Ng4 42. Rh1 Re5 43. Bc5 a6 44. Bd4 Rf5 45. Re1 Ne5 46. Rg1 Ng4 47. Re1 Ne5 48. Rg1 axb5 49. axb5 Kd6 50. Rg7 Nd7 51. Rh7 Ke6 52. b6 Kd6 53. Rh8 Rg5 54. Kc2 Rg2+ 55. Kd3 Rh2 56. Ke3 h4 57. Rh6 Kc6 58. Kf4 Rh1 59. Kg4 h3 60. Kg3 Rb1 61. Rg6 Rf1 62. Kxh3 Rf5 63. Kg4 Rg5+ 64. Rxg5 fxg5 65. Kxg5 Nxb6 66. Kf4 Nd7 67. Ke3 Kb5 68. Kd2 Kc4 69. Bh8 Nc5 70. Bg7 Ne6 71. Bh8 d4 72. cxd4 Nxd4 73. Bf6 b5 74. Be5 Nb3+ 75. Kc2 b4 76. Bd6 Nd4+ 77. Kb2 Kd3 78. Bxb4 1/2-1/2

[Event "Nord Norsk-ch"]
[Site "Tromsoe"]
[Date "2008.05.09"]
[Round "1"]
[White "Jaeger, Frode Bull"]
[Black "Pedersen, Audun"]
[Result "1/2-1/2"]
[WhiteElo "2111"]
[BlackElo "1755"]
[PlyCount "84"]
[EventDate "2008.05.09"]
[EventType "swiss"]
[EventRounds "6"]
[EventCountry "NOR"]
[SourceTitle "EXT 2010"]
[Source "ChessBase"]
[SourceDate "2010.11.25"]
[SourceVersion "1"]
[SourceVersionDate "2010.11.25"]
[SourceQuality "1"]

1. Nf3 d5 2. c4 c6 3. d4 Nf6 4. Nc3 e6 5. Bg5 dxc4 6. e4 b5 7. e5 h6 8. Bh4 g5 9. Nxg5 hxg5 10. Bxg5 Nbd7 11. g3 Bb7 12. Bg2 Qb6 13. exf6 c5 14. d5 0-0-0 15. 0-0 b4 16. Rb1 Qa6 17. dxe6 Bxg2 18. e7 Bb7 19. exd8Q+ Kxd8 20. Ne2 Qe6 21. Nf4 Qf5 22. h4 Qxg5 23. Ng2 Qxf6 24. Qe2 Qf3 25. Qxf3 Bxf3 26. Rfe1 Bd6 27. Ne3 Ne5 28. Nf5 Bc7 29. Re3 Bg4 30. Ne7 Kxe7 31. f4 f6 32. Rc1 Kd7 33. fxe5 Bxe5 34. Rxc4 Bd4 35. Rxd4+ cxd4 36. Re4 f5 37. Rxd4+ Kc6 38. Rxb4 Rd8 39. Kf2 Rd3 40. Rc4+ Kb5 41. Rc7 a5 42. Rb7+ Kc5 1/2-1/2

[Event "Tromsoe CC-ch"]
[Site "Tromsoe"]
[Date "2008.??.??"]
[Round "4"]
[White "Pedersen, Audun"]
[Black "Jessen, Simon Pind"]
[Result "0-1"]
[WhiteElo "1771"]
[BlackElo "1959"]
[PlyCount "71"]
[EventDate "2008.09.02"]
[EventType "swiss"]
[EventCountry "NOR"]
[SourceTitle "EXT 2024"]
[Source "ChessBase"]
[SourceDate "2023.10.10"]
[SourceVersion "1"]
[SourceVersionDate "2023.10.10"]
[SourceQuality "1"]

1. d4 d5 2. Nf3 Nc6 3. g3 Bf5 4. Bg2 e6 5. 0-0 Nb4 6. Na3 c5 7. Be3 Nf6 8. dxc5 Na6 9. Nd4 Bg6 10. c6 bxc6 11. Nxc6 Qc7 12. Nd4 Bxa3 13. Nb5 Qxc2 14. Nxa3 Qxd1 15. Rfxd1 Kd7 16. Rac1 Rhc8 17. Nc4 Ke7 18. Ne5 Bc2 19. Rd4 Be4 20. Nc6+ Kd7 21. Ne5+ Ke8 22. Rxc8+ Rxc8 23. Ra4 Nc7 24. Rxa7 Nb5 25. Ra4 Rc2 26. Rb4 Bxg2 27. Kxg2 d4 28. Bf4 Rc5 29. a4 Nc7 30. Nd3 Rc2 31. Bxc7 Rxc7 32. Rxd4 Rc2 33. a5 e5 34. Nxe5 Rxb2 35. Nc6 Ra2 36. Rd8# 0-1

[Event "NOR-chT"]
[Site "Tromsoe"]
[Date "2007.05.26"]
[Round "4"]
[White "Remman, Frank"]
[Black "Pedersen, Audun"]
[Result "0-1"]
[WhiteElo "1803"]
[BlackElo "1754"]
[PlyCount "86"]
[EventDate "2007.05.25"]
[EventType "team-swiss"]
[EventRounds "6"]
[EventCountry "NOR"]
[SourceTitle "EXT 2010"]
[Source "ChessBase"]
[SourceDate "2010.11.25"]
[SourceVersion "1"]
[SourceVersionDate "2010.11.25"]
[SourceQuality "1"]

1. d4 d5 2. c4 Nc6 3. cxd5 Qxd5 4. e3 e5 5. Nc3 Bb4 6. Bd2 Bxc3 7. bxc3 Nf6 8. f3 0-0 9. e4 Qd8 10. Be3 exd4 11. cxd4 Nxe4 12. fxe4 Qh4+ 13. g3 Qxe4 14. Qf3 Bf5 15. Bg2 Qd3 16. Rd1 Qc3+ 17. Kf2 Bc2 18. Rd2 Nb4 19. Ne2 Nd3+ 20. Rxd3 Qxd3 21. Nf4 Qa3 22. Re1 Rfe8 23. Qxb7 Rab8 24. Qc6 Ba4 25. Qf3 Rb2+ 26. Re2 Bd1 27. Bf1 Bxe2 28. Bxe2 Qc3 29. Nd5 Qc2 30. Ne7+ Kh8 31. Nf5 h6 32. d5 Re5 33. Nxh6 Qxe2+ 34. Qxe2 Rxe2+ 35. Kxe2 gxh6 36. Kf3 Kh7 37. Bxa7 Rxd5 38. Bb8 c5 39. a4 c4 40. Bf4 Ra5 41. Ke3 Rxa4 42. Kd4 Kg6 43. h3 c3+ 0-1

[Event "Tromsoesjakken-A"]
[Site "Tromsoe"]
[Date "2006.11.17"]
[Round "1"]
[White "Hanssen, Gunnar Berg"]
[Black "Pedersen, Audun"]
[Result "1-0"]
[WhiteElo "2125"]
[BlackElo "1704"]
[PlyCount "39"]
[EventDate "2006.11.17"]
[EventType "swiss"]
[EventRounds "5"]
[EventCountry "NOR"]
[SourceTitle "EXT 2008"]
[Source "ChessBase"]
[SourceDate "2007.11.25"]
[SourceVersion "1"]
[SourceVersionDate "2007.11.25"]
[SourceQuality "1"]

1. d4 d5 2. c4 c6 3. Nf3 Nf6 4. Nc3 e6 5. e3 Nbd7 6. Bd3 dxc4 7. Bxc4 b5 8. Bd3 Bb7 9. 0-0 a6 10. e4 c5 11. d5 c4 12. dxe6 fxe6 13. Bc2 Qc7 14. Ng5 e5 15. Nd5 Qd6 16. Ne6 Nxd5 17. exd5 Nf6 18. Bg5 Bxd5 19. Bxf6 gxf6 20. Qxd5 1-0

[Event "Politiken Cup 28th"]
[Site "Copenhagen"]
[Date "2006.07.23"]
[Round "2"]
[White "Skovgaard, Peter"]
[Black "Pedersen, Audun"]
[Result "1-0"]
[WhiteElo "2235"]
[BlackElo "2028"]
[PlyCount "45"]
[EventDate "2006.07.22"]
[EventType "swiss"]
[EventRounds "9"]
[EventCountry "DEN"]
[SourceTitle "CBM 113 Extra"]
[Source "ChessBase"]
[SourceDate "2006.09.14"]
[SourceVersion "1"]
[SourceVersionDate "2006.09.14"]
[SourceQuality "1"]

1. e4 e6 2. Qe2 c5 3. f4 Nc6 4. Nf3 Nf6 5. c3 d5 6. e5 Nd7 7. d4 Be7 8. g3 cxd4 9. cxd4 Qb6 10. Be3 f6 11. Bh3 Nd8 12. 0-0 0-0 13. Nc3 Nf7 14. f5 Nb8 15. Rac1 a5 16. exf6 Bxf6 17. Na4 Qd6 18. Bf4 Qb4 19. fxe6 Bxe6 20. Bxe6 Qxa4 21. Bxf7+ Kxf7 22. Ng5+ Kg6 23. Qd3+ 1-0

[Event "Tromsoe Bjornsens Forste tt"]
[Site "Tromsoe"]
[Date "2006.04.22"]
[Round "3"]
[White "Forsaa, Elise"]
[Black "Pedersen, Audun"]
[Result "0-1"]
[WhiteElo "939"]
[BlackElo "1713"]
[PlyCount "56"]
[EventDate "2006.04.21"]
[EventType "team"]
[EventRounds "5"]
[EventCountry "NOR"]
[SourceTitle "EXT 2008"]
[Source "ChessBase"]
[SourceDate "2007.11.25"]
[SourceVersion "1"]
[SourceVersionDate "2007.11.25"]
[SourceQuality "1"]

1. e4 e6 2. d4 d5 3. e5 c5 4. c3 Nc6 5. Nf3 Bd7 6. Be2 f6 7. exf6 Nxf6 8. a3 Bd6 9. b4 cxd4 10. cxd4 0-0 11. Bb2 Be8 12. 0-0 Bh5 13. Nbd2 Qe8 14. Re1 Bxf3 15. Nxf3 Qg6 16. Rc1 Qh6 17. Bb5 Nd8 18. Rc2 Ne4 19. Bc1 Qh5 20. Bd3 Nf6 21. Ng5 Bxh2+ 22. Kf1 Ng4 23. Nxh7 Rf7 24. Ng5 Rf6 25. Nh7 Rf7 26. Ng5 Re7 27. Be2 Bf4 28. Bxf4 Qh1# 0-1

[Event "Rallar op"]
[Site "Narvik"]
[Date "2005.04.17"]
[Round "4"]
[White "Pedersen, Audun"]
[Black "Zhuravlev, Sergey"]
[Result "1-0"]
[WhiteElo "1709"]
[BlackElo "1926"]
[PlyCount "65"]
[EventDate "2005.04.15"]
[EventType "swiss"]
[EventRounds "5"]
[EventCountry "NOR"]
[SourceTitle "EXT 2007"]
[Source "ChessBase"]
[SourceDate "2006.11.23"]
[SourceVersion "1"]
[SourceVersionDate "2006.11.23"]
[SourceQuality "1"]

1. d4 Nf6 2. c4 d5 3. cxd5 g6 4. Nc3 Nxd5 5. e4 Nxc3 6. bxc3 Bg7 7. Bc4 c5 8. Ne2 Nc6 9. Be3 0-0 10. 0-0 Bd7 11. Rb1 e6 12. a3 cxd4 13. cxd4 Na5 14. Ba2 Rc8 15. Rb4 Re8 16. d5 exd5 17. exd5 b6 18. d6 Nc6 19. Rf4 Ne5 20. Bd4 g5 21. Re4 Bc6 22. f4 Bxe4 23. fxe5 Bg6 24. e6 Rxe6 25. Bxe6 fxe6 26. Bxg7 Kxg7 27. Qd4+ Kh6 28. Rf3 g4 29. Rf6 Qd7 30. Qe5 Rc5 31. Qxe6 Qxe6 32. Rxe6 Kg5 33. d7 1-0

[Event "Rallar op"]
[Site "Narvik"]
[Date "2005.04.15"]
[Round "1"]
[White "Romsdal, Trond"]
[Black "Pedersen, Audun"]
[Result "1-0"]
[WhiteElo "2149"]
[BlackElo "1709"]
[PlyCount "69"]
[EventDate "2005.04.15"]
[EventType "swiss"]
[EventRounds "5"]
[EventCountry "NOR"]
[SourceTitle "EXT 2007"]
[Source "ChessBase"]
[SourceDate "2006.11.23"]
[SourceVersion "1"]
[SourceVersionDate "2006.11.23"]
[SourceQuality "1"]

1. d4 d5 2. c4 c6 3. Nf3 Nf6 4. Nc3 e6 5. e3 Nbd7 6. Bd2 Bd6 7. Rc1 0-0 8. Bd3 dxc4 9. Bxc4 e5 10. 0-0 Qe7 11. dxe5 Nxe5 12. Nxe5 Bxe5 13. f3 Bf5 14. Qe2 Rad8 15. e4 Rxd2 16. Qxd2 Qc5+ 17. Kh1 Qxc4 18. Nd5 Qxa2 19. Ne7+ Kh8 20. Nxf5 Qe6 21. Qb4 Rb8 22. Rcd1 g6 23. Nd4 Qd7 24. Ne2 Qe6 25. Rd2 Bc7 26. Rfd1 Qe5 27. g3 a5 28. Qc4 Qh5 29. Kg2 g5 30. Qc3 Qh6 31. Nd4 Be5 32. Qxa5 g4 33. Qxe5 Re8 34. Qf4 Qh3+ 35. Kg1 1-0

[Event "Barents Region-chB"]
[Site "Arta"]
[Date "2004.06.20"]
[Round "5"]
[White "Pedersen, Audun"]
[Black "Remman, Frank"]
[Result "1-0"]
[WhiteElo "1600"]
[BlackElo "1652"]
[PlyCount "43"]
[EventDate "2004.06.18"]
[EventType "swiss"]
[EventRounds "6"]
[EventCountry "NOR"]
[SourceTitle "EXT 2007"]
[Source "ChessBase"]
[SourceDate "2006.11.23"]
[SourceVersion "1"]
[SourceVersionDate "2006.11.23"]
[SourceQuality "1"]

1. d4 d5 2. c4 Nc6 3. Nf3 Bg4 4. cxd5 Bxf3 5. exf3 Qxd5 6. Be3 e6 7. Nc3 Bb4 8. Bd3 Qa5 9. 0-0 Bxc3 10. bxc3 Qxc3 11. Rc1 Qa3 12. d5 exd5 13. Bc5 Qa5 14. Re1+ Kd8 15. Qb3 Nge7 16. Qxb7 Rc8 17. Bf5 Nxf5 18. Qxc6 Rb8 19. Qxd5+ Nd6 20. Qg5+ Kd7 21. Qe7+ Kc8 22. Bxd6 1-0

[Event "Barents Region-chB"]
[Site "Arta"]
[Date "2004.06.18"]
[Round "2"]
[White "Pedersen, Audun"]
[Black "Sirbiladze, Timur"]
[Result "0-1"]
[WhiteElo "1600"]
[BlackElo "1500"]
[PlyCount "65"]
[EventDate "2004.06.18"]
[EventType "swiss"]
[EventRounds "6"]
[EventCountry "NOR"]
[SourceTitle "EXT 2007"]
[Source "ChessBase"]
[SourceDate "2006.11.23"]
[SourceVersion "1"]
[SourceVersionDate "2006.11.23"]
[SourceQuality "1"]

1. d4 d5 2. c4 c6 3. Nf3 Nf6 4. Nc3 dxc4 5. a4 Bf5 6. e3 e6 7. Bxc4 Bb4 8. 0-0 0-0 9. Nh4 Bg4 10. f3 Bh5 11. g4 Nd5 12. Qe1 Bg6 13. Nxg6 hxg6 14. Bd2 Be7 15. Ne2 Nd7 16. e4 N5b6 17. Bb3 e5 18. a5 Nc8 19. d5 Nc5 20. Bc4 b5 21. axb6 Nxb6 22. Ba5 Nb7 23. Bxb6 Qxb6+ 24. Kh1 Nd6 25. Ra6 Qxb2 26. Rxc6 a5 27. Nc1 a4 28. Nd3 Qd4 29. Qa1 Rfc8 30. Nxe5 Qxa1 31. Rxa1 Bf6 32. Rxc8+ Rxc8 33. Ba6 0-1